| 000 | 00800nam a2200253Ia 4500 | ||
|---|---|---|---|
| 003 | OSt | ||
| 005 | 20251115124630.0 | ||
| 008 | 210210b2008 xxu||||| |||| 00| 0 eng d | ||
| 040 | _cAL | ||
| 041 | _aKannada | ||
| 082 | _a398.092K SHAM | ||
| 100 |
_aSHASTRI (L S) _dಶಾಸ್ತ್ರಿ (ಎಲ್ ಎಸ್) _9245751 |
||
| 245 |
_aMahabala: keremane mahabala hegde jivana charitre _bಮಹಾಬಲ: ಕೆರೆಮನೆ ಮಹಾಬಲ ಹೆಗಡೆ ಜೀವನ ಚರಿತ್ರೆ |
||
| 260 |
_aBengaluru _bSumukha Prakashana _c2008 |
||
| 300 | _a109 | ||
| 650 |
_aMahabala _9245752 |
||
| 650 |
_akeremane _9245753 |
||
| 650 |
_ajivana _9245754 |
||
| 650 |
_ahegde _9245755 |
||
| 650 |
_acharitre _9245756 |
||
| 690 |
_aBiography _9245757 |
||
| 906 | _a063187 | ||
| 942 |
_2ddc _cBK |
||
| 999 |
_c133811 _d133811 |
||